00313pab a2200121 454500008004000000100002200040245005000062260000900112300001200121362001000133650001400143773003400157180718b2009 xxu||||| |||| 00| 0 eng d aBanerjee, Sumanta aThe Maoists, elections, boycotts and violence c2009 ap.8-10. a2 May aElections aEconomic and Political Weekly